La educación privada en Lima metropolitana.

Uloženo v:
Podrobná bibliografie
Hlavní autor: Díaz Díaz, Hugo (autor)
Další autoři: Farro Custodio, Francisco, [et al.] (autor) [et al.], (autor), Huayte Ramírez, Vicente (autor) (autor)
Médium: Kniha
Jazyk:španělština
Edice:(Informe de investigación del IIEP ; no. 104)
Témata:
Tagy: Přidat tag
Žádné tagy, Buďte první, kdo vytvoří štítek k tomuto záznamu!

MARC

LEADER 00000cam^a2200000uu^4500
001 000484002
005 20250521000000.0
008 050901s1995^^^^^^^^^^^^rd^r^^000^0^spa^d
009 20260310125124.133
035 |a FCE 000027062 
035 |a FCE 020843 
037 |a Acervo ITESO - Biblioteca 
041 |a spa 
082 0 4 |a 370.783  |b IIEP 104 
100 |a Díaz Díaz, Hugo  |e (autor) 
245 1 3 |a La educación privada en Lima metropolitana. 
264 |a París :  |b UNESCO : IIEP,  |c 1995. 
300 |a 125 p. 
336 |a texto  |b txt  |2 rdacontenido 
337 |a sin mediación  |b n  |2 rdamedio 
338 |a volumen  |b nc  |2 rdasoporte 
440 0 |a (Informe de investigación del IIEP ;  |v no. 104) 
649 |a XX 
650 |a Estadísticas educativas 
650 |a Sistema educativo 
650 |a Legislación de la educación 
650 |a Educación privada 
650 |a Perú 
700 |a Farro Custodio, Francisco,  |e [et al.]  |e (autor) 
700 |a Huayte Ramírez, Vicente  |e (autor) 
910 |a Fondo Centro de Estudios Educativos 
920 |a Impresos - Libros 
930 |a Fondos Especiales 
905 |a 133 
901 |a ALE020843  |b IT2  |c CEE  |u 20250521 
902 |a https://opac.biblio.iteso.mx/vufind/Record/000484002